000 00494nam a2200181Ia 4500
003 GCL
008 140319s9999 xx 000 0 eng d
040 _aGCL /
_cGCL
082 0 4 _a658.804
_bH B
100 1 _aHUTT, MICHAEL D.
245 1 0 _aBUSINESS MARKETING MANAGEMENT /
_cHUTT, MICHAEL D.
700 1 _aSPEH, THOMAS W.
260 _a[S.N] :
_bAHARCOURT BEACE JOVONOVICH LOLLEGE ،
_c1992
300 _a749 P
650 0 4 _aMANAGEMENT
650 0 4 _aINDUSTRIAL MARKETING
942 _2ddc
_cBK
999 _c19521
_d19521